| 000 | 00543cam a2200193 a 4500 | ||
|---|---|---|---|
| 001 | 000018544 | ||
| 005 | 20200929165825.0 | ||
| 008 | 921228s1992 sp 000 f spa d | ||
| 020 | _a8474445639 | ||
| 040 |
_aDO-SdBNP _bspa _cBNPHU |
||
| 082 |
_a863.64 _bC541b |
||
| 100 | 1 |
_aChirbes, Rafael, _d1949- _940105 |
|
| 245 | 1 | 3 |
_aLa buena letra / _cRafael Chirbes. |
| 260 |
_aMadrid : _bDebate, _c1992. |
||
| 300 |
_a139 p. ; _c21 cm. |
||
| 490 | 1 | _aLiteratura | |
| 650 | 4 |
_aNovela espaƱola _91123 |
|
| 650 | 4 |
_aLiteratura espaƱola _ySIGLO XX _93326 |
|
| 999 |
_c18064 _d18064 |
||